Culture, the environment and climate emergency : How to act in the field of local cultural policies and management / How to act in the field of local cultural policies and management /
ISBN:
9788419091475
Descripción Física:
133 pàgs. ; 24 cm
Colección:
Collection Studies
; 1
Materias:
Cultura -- Aspectes ambientals
; Municipis -- Govern i administració
; Catalunya -- Política cultural
Idioma:
Catalán , English
MARC
| LEADER | 00000nam a22000007a 4500 | ||
|---|---|---|---|
| 001 | 28367 | ||
| 003 | AGDB | ||
| 005 | 20260324181521.0 | ||
| 008 | 240108b spa||||| |||| 00| 0 cat d | ||
| 017 | |a B 23398-2022 | ||
| 020 | |a 9788419091475 | ||
| 040 | |a agdb |b cat | ||
| 041 | |a eng | ||
| 240 | |a Cultura, medi ambient i emergència climàtica : com actuar en l'àmbit de la gestió i les polítiques culturals locals |l [anglès] | ||
| 245 | |a Culture, the environment and climate emergency : |b How to act in the field of local cultural policies and management / |c Author: Jordi Baltà Portolés, ITD Consulting and International Projectes Department ; Herman Bashiron Mendolicchio, independent researcher and lecturer at the University of Barcelona ; Coordination and technical support from the Centre for Cultural Studies and Resoources (CERC, Barcelona Provincial Council) ; Marga Julià head of the Study Programme | ||
| 250 | |a 1st edition : |b December 2021 | ||
| 260 | |a Barcelona : |b Diputació de Barcelona ; |c 2021 | ||
| 300 | |a 133 pàgs. ; |c 24 cm | ||
| 490 | |a Collection Studies ; |v 1 | ||
| 504 | |a Conté referències bibliogràfiques. | ||
| 546 | |a També en català (R. 26869). | ||
| 650 | 0 | |9 70085 |a Cultura |x Aspectes ambientals | |
| 650 | 0 | |9 22275 |a Municipis |x Govern i administració | |
| 651 | 0 | |9 53685 |a Catalunya |x Política cultural | |
| 700 | |9 52484 |a Baltà Portolés, Jordi |e autor | ||
| 700 | |9 52485 |a Bashiron Mendolicchio, Herman |e autor | ||
| 700 | |9 52210 |a Julià, Marga |e coord. tècnica | ||
| 710 | 1 | |9 52487 |a Barcelona (Catalunya : Província). |b Centre d'Estudis i Recursos Culturals |e coord. tècnica | |
| 856 | 4 | 0 | |u https://llibreria.diba.cat/es/libro/culture-the-environment-and-the-climate-emergency_69011 |y Accés lliure |
| 942 | |2 udc |c ARXIU |n 1 | ||
| 952 | |0 0 |1 0 |4 0 |6 BIB1130 |7 1 |9 96590 |a Arxiu |b Arxiu |d 2024-01-08 |l 0 |o Bib-1130 |p 28367 |r 2024-01-08 00:00:00 |w 2024-01-08 |y ARXIU | ||
| 999 | |c 128434 |d 128434 | ||